000
00362nam a22000977a 4500
100
_a
सिंह,मीनाक्षी
_9
80589
245
_a
पर्यावरण प्रश्नोत्तरी
260
_a
दिल्ली
_b
वर्षा साहित्य सदन
_c
2017
650
_a
पर्यावरण
_9
36465
942
_c
HIN
999
_c
63906
_d
63906